Model Answers in Obstetric Nursing (Record no. 156555)

MARC details
000 -LEADER
fixed length control field 00411nam a2200145Ia 4500
008 - FIXED-LENGTH DATA ELEMENTS--GENERAL INFORMATION
fixed length control field 230411s9999 xx 000 0 und d
020 ## - INTERNATIONAL STANDARD BOOK NUMBER
International Standard Book Number 81-8448-503-4
041 ## - LANGUAGE CODE
Language code of text/sound track or separate title eng
082 ## - DEWEY DECIMAL CLASSIFICATION NUMBER
Classification number OG/610.73678/RAN/JOS/B06116
100 ## - MAIN ENTRY--PERSONAL NAME
Personal name Ranade Sujata & Joshi Swapna
9 (RLIN) 178909
245 ## - TITLE STATEMENT
Title Model Answers in Obstetric Nursing
260 ## - PUBLICATION, DISTRIBUTION, ETC. (IMPRINT)
Name of publisher, distributor, etc. Jaypee Brothers
Place of publication, distribution, etc. New Delhi
Date of publication, distribution, etc. 2009
300 ## - PHYSICAL DESCRIPTION
Extent 136p
Holdings
Withdrawn status Lost status Damaged status Not for loan Collection code Home library Current library Date acquired Vendor Cost, normal purchase price Bill number Total Checkouts Full call number Barcode Date last seen Cost, replacement price Bill Date Koha item type Original Barcode Date last checked out
        Gynecology Smt. Bakul Tambat Institute of Nursing Education Smt. Bakul Tambat Institute of Nursing Education 11/02/2010 Jaypee Brothers Medical Publishers 95.00 5499   OG 610.73678 RAN JOS B06116 BTIN-BK-6116 11/04/2023 69.00 11/02/2010 Books B06116  
        Gynecology Smt. Bakul Tambat Institute of Nursing Education Smt. Bakul Tambat Institute of Nursing Education 11/02/2010 Jaypee Brothers Medical Publishers 95.00 5499 1 OG 610.73678 RAN JOS B06117 BTIN-BK-6117 16/12/2023 69.00 11/02/2010 Books B06117 30/11/2023
        Gynecology Smt. Bakul Tambat Institute of Nursing Education Smt. Bakul Tambat Institute of Nursing Education 11/02/2010 Jaypee Brothers Medical Publishers 95.00 5499   OG 610.73678 RAN JOS B06118 BTIN-BK-6118 11/04/2023 69.00 11/02/2010 Books B06118